000 00655nam a2200241Ia 4500
003 OSt
005 20230403100549.0
008 210423s2008 xx 000 0 und d
020 _a9780070249073
040 _cAL
041 _aeng
082 _a332.6
_223
_bPRAS
100 _aPRASANNA CHANDRA
_982177
245 _aInvestment analysis and portfolio management
250 _a3
260 _aNew Delhi
_bTata McGraw-hill
_c2008
300 _axxii,734
_bPB
365 _b450
_cINR
650 _aFinancial Economics
_982178
650 _aInvestment Management
_982179
906 _aanalysis ; Investment ; management ; portfolio
942 _2ddc
_cBK
999 _c156807
_d156807